Die physische Leistung Pharaos : Untersuchungen zu Heldentum, Jagd und Leibesübungen der ägyptischen Könige /

محفوظ في:

المؤلف الرئيسي: Decker, Wolfgang (مؤلف)

التنسيق: كتاب

اللغة: German

سلاسل: Schriftenreihe des Historischen Instituts der Deutschen Sporthochschule Köln.

الموضوعات:

الوسوم: إضافة وسم

لا توجد وسوم, كن أول من يضع وسما على هذه التسجيلة!

رقم الطلب: DT61 .D36 1971

LEADER 01345namaa2200301 4500
001 13066
003 OSt
005 20210607110544.0
008 130303s1971 gw a g b 001 0 ger d
952 |0 0  |1 0  |2 lcc  |4 0  |6 DT0061 D36 01971  |7 1  |9 15937  |a ARCE  |b ARCE  |d 2021-06-07  |l 0  |o DT61 .D36 1971  |p 1018305  |r 2021-06-07 00:00:00  |w 2021-06-07  |y BK 
999 |c 12416  |d 12416 
010 |a 75527366 
040 |c ARCE Library 
043 |a f-ua--- 
050 0 4 |a DT61 .D36 1971 
100 1 |a Decker, Wolfgang,  |e author 
245 1 4 |a Die physische Leistung Pharaos :  |b Untersuchungen zu Heldentum, Jagd und Leibesübungen der ägyptischen Könige /  |c von Wolfgang Decker. 
264 1 |a Köln :  |b Historisches Institut der Deutschen Sporthochschule Köln,  |c 1971. 
300 |a xxviii, 270 pages :  |b illustrations ;  |c 21 cm. 
490 0 |a Schriftenreihe des Historischen Instituts der Deutschen Sporthochschule Köln.  
500 |a Errata slip inserted. 
500 |a Originally presented as the author's thesis, Cologne, 1970. 
504 |a Includes bibliographical references (pages vi-xxvii) and index. 
650 0 |a Sports  |z Egypt  |x History. 
651 0 |a Egypt  |x Kings and rulers. 
810 2 |a Deutsche Sporthochschule Köln.  |b Historisches Institut.  |t Schriftenreihe des Historischen Instituts der Deutschen Sporthochschule Köln. 
901 |a reviewed 
942 |c BK  |2 lcc